UBT Library

Operations management for MBAs / (Record no. 1362)

000 -LEADER
fixed length control field 00580nam a22002177a 4500
008 - FIXED-LENGTH DATA ELEMENTS--GENERAL INFORMATION
fixed length control field 151117b xxu||||| |||| 00| 0 eng d
020 ## - INTERNATIONAL STANDARD BOOK NUMBER
International Standard Book Number 0471000604
041 0# - LANGUAGE CODE
Language code of text/sound track or separate title eng
080 ## - UNIVERSAL DECIMAL CLASSIFICATION NUMBER
Universal Decimal Classification number 658.8
100 1# - Rafti
Rafti Meredith, Jack R.
245 10 - TITLE STATEMENT
Title Operations management for MBAs /
Statement of responsibility, etc Jack R. Meredith, Scott M. Shafer.
250 ## -
-- 2nd ed.
260 ## -
-- New York, NY :
-- Wiley,
-- c2002.
300 ## -
-- xiii, 406 f. :
-- me ill. ;
-- 26 cm.
650 #0 -
-- Menaxhimi
650 #0 -
-- Organizimi
650 #0 -
-- Prodhimit
650 #0 -
-- Operacioneve
700 1# -
-- Shafer, Scott M.
942 ## - ADDED ENTRY ELEMENTS (KOHA)
Source of classification or shelving scheme
Item type Books
Holdings
Withdrawn status Lost status Source of classification or shelving scheme Damaged status Not for loan Collection code Permanent location Current location Shelving location Date acquired Total Checkouts Full call number Barcode Date last seen Koha item type
          Koleksioni i përgjithshem UBT - Lipjan UBT - Lipjan Koleksioni i përgjithshem 11/17/2015   658.8 MER 002-008678 11/17/2015 Books
UBT Library © 2015-2024. All rights reserved University Education for Business and Technology